• 首页
  • 本馆介绍
  • 公告通知
  • 最新文献
  • 馆藏检索
  • 电子资源
  • 读者导购
  • 参考咨询
  • 我的图书馆
  • 登录
  • 详细信息显示
  • 放入我的书架
  • 预约/预借图书
  • 作者相关作品
  • 分类相关作品
  • 丛书相关作品
  • 出版社相关作品

书目信息

  • 表格格式
  • 工作单格式
  • 卡片格式
题名:
建设工程合同管理
    
 
作者: 吕克顺 主编
分册:  
出版信息: 武汉   华中科技大学出版社  2012
页数: 191页
开本: 26cm
丛书名:
单 册:
中图分类: TU723.1
科图分类:
主题词: 建筑工程--经济合同--管理--资格考试--自学参考资料
电子资源:
ISBN: 978-7-5609-7514-6
000 00835nam0 2200229 450
001 121
005 20161107103828.03
010    @a978-7-5609-7514-6@dCNY35.00
100    @a20120508d2012 em y0chiy50 ea
101 0  @achi
102    @aCN@b420000
105    @ay zq 000yy
200 1  @a建设工程合同管理@9jian she gong cheng he tong guan li@b专著@f吕克顺主编
210    @a武汉@c华中科技大学出版社@d2012
215    @a191页@d26cm
300    @a2012全国监理工程师执业资格考试历年考试真题及知识链解
330    @a本书内容包括:建设工程合同管理法律知识、合同法律制度、建设工程招标管理、建设工程委托监理合同、建设工程勘察设计合同管理等。
606 0  @a建筑工程@x经济合同@x管理@x资格考试@j自学参考资料
690    @aTU723.1@v5
701  0 @a吕克顺@9lu^ ke shun@4主编
801  0 @aCN@b唐山师范学院图书馆@c20160720
905    @aZUCC@dTU723.1@e747
    
    建设工程合同管理/吕克顺主编.-武汉:华中科技大学出版社,2012
    191页;26cm
    2012全国监理工程师执业资格考试历年考试真题及知识链解
    
    ISBN 978-7-5609-7514-6:CNY35.00
    本书内容包括:建设工程合同管理法律知识、合同法律制度、建设工程招标管理、建设工程委托监理合同、建设工程勘察设计合同管理等。
●
相关链接 在E读中查询图书 在五车中查询图书 在当当中查询图书 在豆瓣中查询图书


正题名:建设工程合同管理     索取号:TU723.1/747         预约/预借

序号 登录号 条形码 馆藏地/架位号 状态 备注
1 900498   209004986   第二样本阅览室/ [索取号:TU723.1/747] 在馆    
2 900499   209004995   第三借阅区/ [索取号:TU723.1/747] 在馆    
3 900500   209005002   第三借阅区/ [索取号:TU723.1/747] 在馆    
唐山师范学院图书馆 欢迎您!
大连网信软件有限公司© 版权所有